Managerial economics : theory, applications, and cases
Through five editions, Managerial Economics has been among the leading texts in the field. Maintaining its hallmark clarity, abundant use of real-world examples and cases, and strong coverage of international issues and technological change, the Sixth Edition has been rigorously updated and revised,...
Salvato in:
| Natura: | Libro |
|---|---|
| Lingua: | Undetermined |
| Pubblicazione: |
New York
W.W. Norton
2005
|
| Soggetti: | |
| Tags: |
Aggiungi Tag
Nessun Tag, puoi essere il primo ad aggiungerne! !
|
| Thư viện lưu trữ: | Trung tâm Học liệu Trường Đại học Cần Thơ |
|---|
| LEADER | 00938nam a2200205Ia 4500 | ||
|---|---|---|---|
| 001 | CTU_164671 | ||
| 008 | 210402s9999 xx 000 0 und d | ||
| 020 | |c 140.81 | ||
| 082 | |a 338.5024658 | ||
| 082 | |b M266/6th | ||
| 245 | 0 | |a Managerial economics : | |
| 245 | 0 | |b theory, applications, and cases | |
| 245 | 0 | |c W. Bruce Allen ... [et al.] | |
| 260 | |a New York | ||
| 260 | |b W.W. Norton | ||
| 260 | |c 2005 | ||
| 520 | |a Through five editions, Managerial Economics has been among the leading texts in the field. Maintaining its hallmark clarity, abundant use of real-world examples and cases, and strong coverage of international issues and technological change, the Sixth Edition has been rigorously updated and revised, adding six entirely new chapters and an innovative student Web site | ||
| 650 | |a Managerial economics,Kinh tế quản trị | ||
| 910 | |a Nguyên | ||
| 980 | |a Trung tâm Học liệu Trường Đại học Cần Thơ | ||